000 00294nam a2200109Ia 4500
008 200302s9999 xx 000 0 und d
100 _aArchitektur Niederosterreich
245 _aOrte --Architectue In Lower Austria 1986-1997
260 _bBirkhauser Publishing
260 _c1997
300 _a245 P
999 _c4792
_d4792